000
00311nam a2200121Ia 4500
008
220204s9999 xx 000 0 und d
082
_a
631.416.9:631.8
_b
SWA
100
_a
SWAINE, D J
245
0
_a
Trace element content of fertilizers
260
_a
England
_b
CAB
_c
1962
650
_a
Trace elements
942
_c
BK
999
_c
21009
_d
21009